[Event "Balatonlelle Rigo Memorial IM 2nd"]
[Site "Balatonlelle"]
[Date "2023.06.17"]
[Round "4"]
[White "To, Nhat Minh"]
[Black "Colijn, Stefan"]
[Result "1/2-1/2"]
[WhiteElo "2355"]
[BlackElo "2277"]
[PlyCount "109"]
[EventDate "2023.06.14"]
[EventType "tourn"]
[EventRounds "9"]
[EventCountry "HUN"]
[EventCategory "1"]
[SourceTitle "CBM 214 Extra"]
[Source "ChessBase"]
[SourceDate "2023.07.31"]
[SourceVersion "1"]
[SourceVersionDate "2023.07.31"]
[SourceQuality "1"]

1. d4 e6 2. Nf3 f5 3. h3 Nf6 4. g4 b6 5. Rg1 Bb7 6. Bf4 g6 7. e3 d6 8. c4 Nbd7 9. Nc3 Ne4 10. Nxe4 fxe4 11. Nd2 Bg7 12. Qc2 0-0 13. Nxe4 Rxf4 14. exf4 Qf8 15. Nc3 Qxf4 16. Ne2 Qh2 17. Qd3 c5 18. Qg3 Qxg3 19. Rxg3 cxd4 20. Rd1 e5 21. g5 Rc8 22. b3 Nc5 23. Bg2 Bxg2 24. Rxg2 Rf8 25. Rg4 e4 26. Nxd4 Nd3+ 27. Rxd3 exd3 28. Re4 d2+ 29. Kxd2 Rxf2+ 30. Kd3 Rxa2 31. Re8+ Kf7 32. Ra8 Ra3 33. Nb5 Rxb3+ 34. Ke4 Be5 35. Rxa7+ Kg8 36. Rb7 Rxh3 37. Rxb6 Rg3 38. Rb8+ Kf7 39. Rb7+ Ke6 40. Nc7+ Kd7 41. Nb5+ Kc6 42. Rc7+ Kb6 43. Rxh7 Rxg5 44. Rd7 Kc5 45. Rc7+ Kb6 46. Rd7 Rg1 47. Kd5 Rd1+ 48. Ke6 g5 49. Kf5 Bf4 50. Nc3 Kc6 51. Nxd1 Kxd7 52. Nc3 Kc6 53. Ne4 Be3 54. Ke6 Bc1 55. Nxd6 1/2-1/2

[Event "Paphos op 1st"]
[Site "Paphos"]
[Date "2023.04.10"]
[Round "5"]
[White "Colijn, Stefan"]
[Black "Ceres, Dragos"]
[Result "0-1"]
[WhiteElo "2293"]
[BlackElo "2409"]
[PlyCount "82"]
[EventDate "2023.04.07"]
[EventType "swiss"]
[EventRounds "9"]
[EventCountry "CYP"]
[SourceTitle "CBM 213 Extra"]
[Source "ChessBase"]
[SourceDate "2023.05.31"]
[SourceVersion "1"]
[SourceVersionDate "2023.05.31"]
[SourceQuality "1"]

1. Nf3 Nf6 2. g3 d5 3. Bg2 c6 4. 0-0 Bg4 5. c4 e6 6. Qb3 Qb6 7. d3 Na6 8. Be3 Bc5 9. d4 Be7 10. c5 Qxb3 11. axb3 Bxf3 12. exf3 0-0 13. Re1 Nb4 14. Re2 b6 15. f4 Ng4 16. cxb6 axb6 17. Na3 Nd3 18. Rd2 Nxb2 19. Rxb2 Rxa3 20. Rxa3 Bxa3 21. Ra2 Bb4 22. Ra6 Rb8 23. h3 Nh6 24. g4 f5 25. g5 Nf7 26. Ra7 Nd6 27. h4 Nb5 28. Ra4 Bd6 29. Bf1 Nc7 30. Ra7 Kf8 31. h5 Ke8 32. Be2 Kd8 33. Kg2 Kc8 34. Kg3 Ra8 35. Rxa8+ Nxa8 36. h6 gxh6 37. gxh6 Bf8 38. Bh5 Kd7 39. Bf7 Ke7 40. Bg8 Bxh6 41. Kh4 Nc7 0-1

[Event "Titled Tuesday intern op 14th Feb Early"]
[Site "Chess.com INT"]
[Date "2023.02.14"]
[Round "8"]
[White "Avazkhonov, Alikhon"]
[Black "Colijn, Stefan"]
[Result "0-1"]
[WhiteElo "1538"]
[BlackElo "2283"]
[PlyCount "74"]
[EventDate "2023.02.14"]
[EventType "swiss (blitz)"]
[EventRounds "11"]
[EventCountry "USA"]
[SourceTitle "CBM 212 Extra"]
[Source "ChessBase"]
[SourceDate "2023.03.31"]
[SourceVersion "1"]
[SourceVersionDate "2023.03.31"]
[SourceQuality "1"]

1. d4 Nf6 2. c4 e6 3. Nc3 Bb4 4. e3 Bxc3+ 5. bxc3 d6 6. Bd3 0-0 7. Nf3 c5 8. 0-0 b6 9. e4 Nc6 10. Re1 e5 11. Nd2 cxd4 12. cxd4 Nxd4 13. Nf1 Be6 14. Ne3 Nd7 15. Bb2 Nc6 16. Rc1 Rc8 17. Bb1 Nc5 18. Nd5 Bd7 19. f4 Ne6 20. f5 Ned4 21. f6 Be6 22. Qd2 Kh8 23. Rf1 Rg8 24. Rc3 gxf6 25. Nxf6 Rg6 26. Nd5 Qg5 27. Qf2 Rcg8 28. Rg3 Qh4 29. Nf6 Rxg3 30. Nxg8 Nf3+ 31. Qxf3 Rxf3 32. Rxf3 Kxg8 33. Rg3+ Kf8 34. Ba3 Ke7 35. Bd3 Nd4 36. Re3 Qf4 37. Re1 Qd2 0-1

[Event "Titled Tuesday intern op 14th Feb Early"]
[Site "Chess.com INT"]
[Date "2023.02.14"]
[Round "5"]
[White "Colijn, Stefan"]
[Black "Levine, David M"]
[Result "1-0"]
[WhiteElo "2283"]
[BlackElo "2040"]
[PlyCount "91"]
[EventDate "2023.02.14"]
[EventType "swiss (blitz)"]
[EventRounds "11"]
[EventCountry "USA"]
[SourceTitle "CBM 212 Extra"]
[Source "ChessBase"]
[SourceDate "2023.03.31"]
[SourceVersion "1"]
[SourceVersionDate "2023.03.31"]
[SourceQuality "1"]

1. d4 d5 2. Nc3 Nf6 3. Bf4 c5 4. e3 a6 5. a3 cxd4 6. exd4 Nc6 7. h3 Bf5 8. Nf3 e6 9. Be2 h6 10. 0-0 Bd6 11. Ne5 Rc8 12. Re1 0-0 13. Bf3 Qc7 14. Rc1 Nd7 15. Nxd7 Qxd7 16. Bxd6 Qxd6 17. Na4 b5 18. Nc5 Nxd4 19. b4 Nxc2 20. Rxc2 Bxc2 21. Qxc2 a5 22. Qd2 axb4 23. axb4 Ra8 24. Be2 Rfb8 25. Bf1 Ra3 26. Rc1 Qc6 27. Qd4 Qa8 28. Kh2 Ra2 29. Nd7 Rc8 30. Nb6 Rxc1 31. Nxa8 Rxa8 32. Bxb5 Ra2 33. Be2 Rcc2 34. Bf3 Rxf2 35. Kg3 Rfd2 36. Qb6 e5 37. Qd8+ Kh7 38. Bxd5 Ra3+ 39. Kh2 Rad3 40. Be4+ g6 41. Bxd3 Kg7 42. b5 e4 43. Qd4+ Kf8 44. Qxe4 Rb2 45. Qd4 Ke7 46. Qxb2 1-0

[Event "Titled Tuesday intern op 14th Feb Early"]
[Site "Chess.com INT"]
[Date "2023.02.14"]
[Round "11"]
[White "Hajiyev, Kanan"]
[Black "Colijn, Stefan"]
[Result "1-0"]
[WhiteElo "2183"]
[BlackElo "2283"]
[PlyCount "77"]
[EventDate "2023.02.14"]
[EventType "swiss (blitz)"]
[EventRounds "11"]
[EventCountry "USA"]
[SourceTitle "CBM 212 Extra"]
[Source "ChessBase"]
[SourceDate "2023.03.31"]
[SourceVersion "1"]
[SourceVersionDate "2023.03.31"]
[SourceQuality "1"]

1. d4 Nf6 2. Nf3 e6 3. c4 Bb4+ 4. Bd2 a5 5. a3 Bxd2+ 6. Qxd2 b6 7. g3 Bb7 8. Bg2 0-0 9. Nc3 Ne4 10. Qc2 f5 11. 0-0 d6 12. h4 Nxc3 13. Qxc3 Nd7 14. d5 e5 15. Ng5 Qf6 16. Ne6 Rfc8 17. e4 Nf8 18. exf5 Qxf5 19. Ng5 h6 20. Bh3 Qg6 21. Ne6 c6 22. Qb3 cxd5 23. cxd5 Nd7 24. Rac1 Rxc1 25. Rxc1 Rc8 26. Rxc8+ Bxc8 27. Qc3 Nc5 28. Nxc5 Bxh3 29. Kh2 Bg4 30. Ne6 Bxe6 31. dxe6 Qxe6 32. Qc6 Qf6 33. Kg1 Qe6 34. Qxb6 a4 35. Qb4 d5 36. Qxa4 e4 37. Qa8+ Kh7 38. a4 Qg4 39. Qxd5 1-0

[Event "Titled Tuesday intern op 10th Aug"]
[Site "Chess.com INT"]
[Date "2021.08.10"]
[Round "3"]
[White "Amburgy, Ryan"]
[Black "Colijn, Stefan"]
[Result "0-1"]
[WhiteElo "2030"]
[BlackElo "2323"]
[PlyCount "72"]
[EventDate "2021.08.10"]
[EventType "swiss (blitz)"]
[EventRounds "11"]
[EventCountry "USA"]
[SourceTitle "CBM 203 Extra"]
[Source "ChessBase"]
[SourceDate "2021.09.30"]
[SourceVersion "1"]
[SourceVersionDate "2021.09.30"]
[SourceQuality "1"]

1. Nf3 d5 2. e3 Nf6 3. c4 c6 4. Nc3 e6 5. d4 Nbd7 6. Qc2 Bd6 7. Bd2 0-0 8. 0-0-0 dxc4 9. Bxc4 b5 10. Bd3 a6 11. Ng5 h6 12. h4 Qc7 13. Nge4 Be7 14. f3 c5 15. Nxf6+ Bxf6 16. d5 Nb6 17. d6 Qxd6 18. Ne4 Qe7 19. Nxf6+ Qxf6 20. Bc3 Qe7 21. Bh7+ Kh8 22. g4 Nd5 23. Be4 Bb7 24. g5 h5 25. Bxd5 exd5 26. Qf2 b4 27. Bd2 a5 28. Rhe1 a4 29. e4 a3 30. b3 Qe5 31. Bc3 Qxc3+ 32. Kb1 dxe4 33. fxe4 Rad8 34. Qe2 Rxd1+ 35. Rxd1 Bxe4+ 36. Rd3 Bxd3+ 0-1

[Event "Titled Tuesday intern op 10th Aug"]
[Site "Chess.com INT"]
[Date "2021.08.10"]
[Round "2"]
[White "Colijn, Stefan"]
[Black "Gusarov, Grigory"]
[Result "0-1"]
[WhiteElo "2323"]
[BlackElo "2354"]
[PlyCount "62"]
[EventDate "2021.08.10"]
[EventType "swiss (blitz)"]
[EventRounds "11"]
[EventCountry "USA"]
[SourceTitle "CBM 203 Extra"]
[Source "ChessBase"]
[SourceDate "2021.09.30"]
[SourceVersion "1"]
[SourceVersionDate "2021.09.30"]
[SourceQuality "1"]

1. d4 Nf6 2. c3 d5 3. Nf3 c6 4. e3 Bg4 5. h3 Bh5 6. Bd3 e6 7. Nbd2 Nbd7 8. 0-0 Bg6 9. Qc2 Be7 10. e4 dxe4 11. Nxe4 Nxe4 12. Bxe4 Nf6 13. Bxg6 hxg6 14. Bf4 Nd5 15. Bd2 0-0 16. Rfe1 Bf6 17. Ne5 Bxe5 18. Rxe5 Qd7 19. Rae1 Rad8 20. h4 c5 21. dxc5 Ne7 22. Bc1 Nf5 23. g3 Qc6 24. b4 Rd7 25. Qe4 Qa4 26. g4 Nxh4 27. Qh1 g5 28. Bxg5 f6 29. c6 bxc6 30. Ra5 Qd1 31. Qe4 Qxe1+ 0-1

[Event "Titled Tuesday intern op 10th Aug"]
[Site "Chess.com INT"]
[Date "2021.08.10"]
[Round "8"]
[White "Machidon, Cristi"]
[Black "Colijn, Stefan"]
[Result "1-0"]
[WhiteElo "2264"]
[BlackElo "2323"]
[PlyCount "69"]
[EventDate "2021.08.10"]
[EventType "swiss (blitz)"]
[EventRounds "11"]
[EventCountry "USA"]
[SourceTitle "CBM 203 Extra"]
[Source "ChessBase"]
[SourceDate "2021.09.30"]
[SourceVersion "1"]
[SourceVersionDate "2021.09.30"]
[SourceQuality "1"]

1. d4 Nf6 2. Nf3 c5 3. d5 b5 4. c3 Bb7 5. e4 Nxe4 6. Bxb5 g6 7. 0-0 Bg7 8. Re1 Nd6 9. Bf1 0-0 10. Bg5 Re8 11. Na3 Na6 12. Qa4 Nc7 13. c4 Nf5 14. Bd3 h6 15. Bxf5 hxg5 16. Bxd7 Rf8 17. Re2 g4 18. Bxg4 Rb8 19. Rae1 Bf6 20. Ne5 Bc8 21. Nc6 Qe8 22. Bxc8 Qxc8 23. Nxb8 Qxb8 24. b3 Ne8 25. Qc6 Nd6 26. Qxc5 Nf5 27. Nc2 Bc3 28. Rd1 Qf4 29. Ne3 Nh4 30. Qxe7 Bf6 31. Qc5 Re8 32. d6 Re5 33. Rd5 Rxe3 34. Qxe3 Qf5 35. Rxf5 1-0

[Event "Titled Tuesday intern op 25th May"]
[Site "Chess.com INT"]
[Date "2021.05.25"]
[Round "8"]
[White "Bryakin, Mikhail"]
[Black "Colijn, Stefan"]
[Result "1-0"]
[WhiteElo "2471"]
[BlackElo "2286"]
[PlyCount "129"]
[EventDate "2021.05.25"]
[EventType "swiss (blitz)"]
[EventRounds "11"]
[EventCountry "USA"]
[SourceTitle "CBM 203 Extra"]
[Source "ChessBase"]
[SourceDate "2021.09.30"]
[SourceVersion "1"]
[SourceVersionDate "2021.09.30"]
[SourceQuality "1"]

1. e4 c5 2. c3 d5 3. exd5 Qxd5 4. d4 e6 5. Nf3 Nf6 6. Na3 a6 7. Nc4 Qd8 8. dxc5 Qxd1+ 9. Kxd1 Bxc5 10. Be3 Bxe3 11. Nxe3 Nbd7 12. g3 b6 13. Bg2 Bb7 14. Ke2 Ke7 15. Rhd1 Rhd8 16. Nd4 Bxg2 17. Nxg2 Rac8 18. Ne3 g6 19. h4 h5 20. f3 Nc5 21. Nc4 b5 22. Ne5 Rd6 23. Rd2 Nfd7 24. Nxd7 Rxd7 25. Rad1 Rd5 26. Ke3 Kf6 27. f4 Rcd8 28. Nf3 Rxd2 29. Rxd2 Rxd2 30. Nxd2 Na4 31. Ne4+ Ke7 32. b3 Nb6 33. Kd4 Nd5 34. Kc5 f5 35. Ng5 Nxc3 36. Kb6 Nxa2 37. Kxa6 Nc3 38. Ka5 Kd6 39. Kb4 Ne2 40. Kxb5 Nxg3 41. b4 Ne2 42. Nh3 e5 43. fxe5+ Kxe5 44. Kc5 Nd4 45. Ng5 f4 46. Nf7+ Ke4 47. Nd6+ Kd3 48. Kd5 f3 49. Ne4 Ke3 50. Ng3 f2 51. Nf1+ Ke2 52. Ng3+ Kf3 53. Nf1 Ne2 54. Nd2+ Kg2 55. Kc4 f1Q 56. Nxf1 Kxf1 57. b5 Nf4 58. Kc5 Ne6+ 59. Kd6 Nd4 60. b6 Nb5+ 61. Kd5 g5 62. hxg5 h4 63. b7 h3 64. b8Q h2 65. Qxh2 1-0

[Event "Titled Tuesday intern op 25th May"]
[Site "Chess.com INT"]
[Date "2021.05.25"]
[Round "5"]
[White "Colijn, Stefan"]
[Black "Spata, German"]
[Result "1/2-1/2"]
[WhiteElo "2286"]
[BlackElo "2290"]
[PlyCount "211"]
[EventDate "2021.05.25"]
[EventType "swiss (blitz)"]
[EventRounds "11"]
[EventCountry "USA"]
[SourceTitle "CBM 203 Extra"]
[Source "ChessBase"]
[SourceDate "2021.09.30"]
[SourceVersion "1"]
[SourceVersionDate "2021.09.30"]
[SourceQuality "1"]

1. d4 e6 2. Nf3 Nf6 3. Bf4 b6 4. e3 Bb7 5. Bd3 Be7 6. Nbd2 0-0 7. 0-0 c5 8. c3 cxd4 9. exd4 d6 10. Re1 a6 11. a4 Nbd7 12. Rc1 Re8 13. h3 Qc7 14. b4 Rac8 15. c4 a5 16. bxa5 bxa5 17. c5 Qb8 18. Nc4 Qa8 19. Nxd6 Bxd6 20. Bxd6 Bxf3 21. Qxf3 Qxf3 22. gxf3 Nd5 23. Ba6 Rcd8 24. c6 N7b6 25. Bg3 Nxa4 26. c7 Nxc7 27. Bxc7 Rxd4 28. Re4 Rxe4 29. fxe4 Nb2 30. Bxa5 Ra8 31. Rc8+ Rxc8 32. Bxc8 Nc4 33. Bc3 Nd6 34. Ba6 Nxe4 35. Be1 h6 36. Bf1 Kf8 37. f3 Nf6 38. Kf2 Nh5 39. Ke3 f5 40. Bc3 Kf7 41. Bc4 Ng3 42. Kf2 Nh5 43. Be5 Ke7 44. Ke3 Kf7 45. Be2 g5 46. Bc4 Ke7 47. Kd4 Nf6 48. Bxf6+ Kxf6 49. Bb3 h5 50. Bd1 e5+ 51. Kd5 e4 52. fxe4 fxe4 53. Kxe4 g4 54. h4 g3 55. Kf3 g2 56. Kxg2 Kg6 57. Kg3 Kh6 58. Kf4 Kg6 59. Ke5 Kh6 60. Kf6 Kh7 61. Kf7 Kh8 62. Kf8 Kh7 63. Bc2+ Kh8 64. Bd1 Kh7 65. Ke7 Kh8 66. Kf6 Kh7 67. Kg5 Kh8 68. Kf4 Kh7 69. Kg3 Kh8 70. Bf3 Kh7 71. Bg2 Kh8 72. Bh3 Kh7 73. Bf5+ Kh8 74. Be6 Kh7 75. Bd7 Kh8 76. Bc8 Kh7 77. Bb7 Kh8 78. Ba6 Kh7 79. Bb5 Kh8 80. Ba4 Kh7 81. Bb3 Kh8 82. Ba2 Kh7 83. Bb1+ Kh8 84. Bc2 Kg7 85. Bb3 Kh8 86. Bc4 Kg7 87. Bd3 Kh8 88. Be2 Kg7 89. Bf1 Kh8 90. Bg2 Kg7 91. Bh3 Kh8 92. Bg2 Kg7 93. Bh1 Kh8 94. Bf3 Kg8 95. Be4 Kh8 96. Bd5 Kg7 97. Be6 Kh8 98. Kf4 Kg7 99. Bd5 Kh8 100. Bc4 Kg7 101. Bb3 Kh8 102. Ba2 Kg7 103. Bb1 Kh8 104. Bc2 Kg7 105. Bd1 Kh8 106. Be2 1/2-1/2

[Event "Titled Tuesday intern op 25th May"]
[Site "Chess.com INT"]
[Date "2021.05.25"]
[Round "6"]
[White "Goncharov, Vladimir"]
[Black "Colijn, Stefan"]
[Result "1-0"]
[WhiteElo "2077"]
[BlackElo "2286"]
[PlyCount "69"]
[EventDate "2021.05.25"]
[EventType "swiss (blitz)"]
[EventRounds "11"]
[EventCountry "USA"]
[SourceTitle "CBM 203 Extra"]
[Source "ChessBase"]
[SourceDate "2021.09.30"]
[SourceVersion "1"]
[SourceVersionDate "2021.09.30"]
[SourceQuality "1"]

1. e4 c5 2. Nf3 Nc6 3. d4 cxd4 4. Nxd4 Nf6 5. Nc3 e5 6. Ndb5 d6 7. Bg5 a6 8. Na3 Be7 9. Bxf6 Bxf6 10. Nc4 0-0 11. Qxd6 Qxd6 12. Nxd6 Be6 13. Bd3 b5 14. a4 b4 15. Nd1 Rfd8 16. Nb7 Rxd3 17. cxd3 Be7 18. Rc1 Nd4 19. Rc7 Bf8 20. Ne3 Bb3 21. Nc5 Ba2 22. Nd7 Bd6 23. Rc1 f6 24. Nb6 Rb8 25. Nbc4 Bf8 26. Ra1 Bb3 27. 0-0 g6 28. Nd2 Be6 29. Ndc4 h5 30. Nd5 Kf7 31. Nc7 Bc8 32. f3 Ke7 33. Kh1 Bh6 34. Nd5+ Ke6 35. f4 1-0

[Event "Titled Tuesday intern op 25th May"]
[Site "Chess.com INT"]
[Date "2021.05.25"]
[Round "1"]
[White "Schmakel, Sam A"]
[Black "Colijn, Stefan"]
[Result "1-0"]
[WhiteElo "2435"]
[BlackElo "2286"]
[PlyCount "91"]
[EventDate "2021.05.25"]
[EventType "swiss (blitz)"]
[EventRounds "11"]
[EventCountry "USA"]
[SourceTitle "CBM 203 Extra"]
[Source "ChessBase"]
[SourceDate "2021.09.30"]
[SourceVersion "1"]
[SourceVersionDate "2021.09.30"]
[SourceQuality "1"]

1. d4 Nf6 2. c4 c5 3. d5 e6 4. Nc3 exd5 5. cxd5 d6 6. Nf3 g6 7. Bf4 Bg7 8. Qa4+ Bd7 9. Qb3 b5 10. Bxd6 Qb6 11. Be5 0-0 12. e3 c4 13. Qd1 b4 14. Nb1 Bb5 15. a4 Ba6 16. Nbd2 c3 17. bxc3 Nxd5 18. Bxg7 Kxg7 19. Bxa6 Qxa6 20. c4 Nc3 21. Qb3 Nc6 22. 0-0 Rad8 23. Nb1 Rd3 24. Nxc3 Rxc3 25. Qb2 Qxc4 26. Nd2 Qd3 27. Nb1 Rd8 28. Nxc3 bxc3 29. Qb5 Qe4 30. Qc5 c2 31. a5 Ne5 32. f3 Qf5 33. Qc3 Rc8 34. Qd4 Kg8 35. Rac1 Nd3 36. e4 Qb5 37. h4 Nf4 38. Kh2 Qe2 39. Qf2 Qc4 40. Qg3 Nd3 41. h5 Nxc1 42. Rxc1 Qd3 43. h6 Qd2 44. Qh4 Qxc1 45. f4 Qd2 46. Qf6 1-0

[Event "Titled Tuesday intern op 16th Mar"]
[Site "Chess.com INT"]
[Date "2021.03.16"]
[Round "3"]
[White "Salimova, Nurgyul"]
[Black "Colijn, Stefan"]
[Result "1-0"]
[WhiteElo "2397"]
[BlackElo "2286"]
[PlyCount "63"]
[EventDate "2021.03.16"]
[EventType "swiss (blitz)"]
[EventRounds "11"]
[EventCountry "USA"]
[SourceTitle "CBM 201 Extra"]
[Source "ChessBase"]
[SourceDate "2021.05.31"]
[SourceVersion "1"]
[SourceVersionDate "2021.05.31"]
[SourceQuality "1"]

1. Nf3 d5 2. e3 Nf6 3. c4 c6 4. b3 Bg4 5. Bb2 Nbd7 6. Be2 e6 7. h3 Bxf3 8. Bxf3 Bd6 9. 0-0 0-0 10. d4 Qe7 11. Nc3 dxc4 12. bxc4 e5 13. Qc2 Rfe8 14. Rab1 Rad8 15. Ba1 Nf8 16. Qa4 Bb8 17. Ne2 Ng6 18. Ng3 e4 19. Be2 Nh4 20. Qb4 Qxb4 21. Rxb4 b6 22. a4 Bc7 23. a5 c5 24. dxc5 bxc5 25. Rb7 Bxa5 26. Bxf6 gxf6 27. Bh5 Ng6 28. Nf5 Kf8 29. Rxa7 Bc3 30. Rb1 Re5 31. g4 Ne7 32. Rbb7 1-0

[Event "Titled Tuesday intern op 26th Jan"]
[Site "Chess.com INT"]
[Date "2021.01.26"]
[Round "4"]
[White "Colijn, Stefan"]
[Black "Christensen, Thomas1111"]
[Result "0-1"]
[WhiteElo "2286"]
[BlackElo "2154"]
[PlyCount "78"]
[EventDate "2021.01.26"]
[EventType "swiss (blitz)"]
[EventRounds "11"]
[EventCountry "USA"]
[SourceTitle "CBM 200 Extra"]
[Source "ChessBase"]
[SourceDate "2021.03.31"]
[SourceVersion "1"]
[SourceVersionDate "2021.03.31"]
[SourceQuality "1"]

1. d4 Nc6 2. Nf3 d6 3. Nc3 g6 4. e4 Bg7 5. h3 e5 6. Bg5 f6 7. Be3 exd4 8. Nxd4 Nxd4 9. Bxd4 Be6 10. Be2 Ne7 11. 0-0 0-0 12. f4 Nc6 13. Be3 f5 14. Bf3 Bxc3 15. bxc3 fxe4 16. Bxe4 d5 17. Bf3 Qf6 18. Bxd5 Rad8 19. c4 Rfe8 20. Qf3 Nb4 21. Rad1 Bxd5 22. cxd5 Nxc2 23. Bxa7 b6 24. d6 Ne3 25. dxc7 Rxd1 26. Rxd1 Nxd1 27. Qd5+ Qf7 28. Qxd1 Qxc7 29. Qb3+ Qf7 30. Bxb6 Qxb3 31. axb3 Rb8 32. Bc7 Rxb3 33. Be5 Kf7 34. Kf2 h5 35. g3 Ke6 36. Kg2 Kf5 37. Kf2 Ke4 38. g4 h4 39. Kg2 Ra3 0-1

[Event "Titled Tuesday intern op 26th Jan"]
[Site "Chess.com INT"]
[Date "2021.01.26"]
[Round "3"]
[White "Colijn, Stefan"]
[Black "Palchuk, Andrii"]
[Result "0-1"]
[WhiteElo "2286"]
[BlackElo "2177"]
[PlyCount "82"]
[EventDate "2021.01.26"]
[EventType "swiss (blitz)"]
[EventRounds "11"]
[EventCountry "USA"]
[SourceTitle "CBM 200 Extra"]
[Source "ChessBase"]
[SourceDate "2021.03.31"]
[SourceVersion "1"]
[SourceVersionDate "2021.03.31"]
[SourceQuality "1"]

1. d4 d5 2. c4 e6 3. Nf3 c6 4. cxd5 exd5 5. Nc3 Bd6 6. Bg5 f6 7. Bh4 Ne7 8. Bg3 Bf5 9. e3 Bg6 10. Bd3 0-0 11. 0-0 Bxg3 12. hxg3 Nd7 13. b4 f5 14. b5 Nf6 15. Ne5 Ne4 16. Rc1 Rf6 17. Ne2 Be8 18. Bxe4 fxe4 19. Qb3 Kh8 20. f4 cxb5 21. g4 a6 22. g5 Rf8 23. g4 Qd6 24. Kg2 Kg8 25. Ng3 Bc6 26. Nxe4 Qe6 27. Ng3 Nc8 28. Rh1 Nd6 29. Qd3 g6 30. Rh6 Nc4 31. Rch1 Nxe5 32. dxe5 d4+ 33. Kg1 Rf7 34. R1h2 Qxg4 35. Kf2 dxe3+ 36. Qxe3 Rxf4+ 37. Ke1 Rf3 38. Qd2 Qxg3+ 39. Rf2 Qxf2+ 40. Qxf2 Rxf2 41. Kxf2 Re8 0-1